Statistics for Six Degrees of Kevin Bacon

Click here to take the quiz!

General Stats

  • This quiz has been taken 376 times
    (276 since last reset)
  • The average score is 6 of 10

Answer Stats

ActorLinking ActorKevin Bacon% Correct
Tim Allen (Toy Story)Tom HanksBacon (Apollo 13)
93%
Shelley Duvall (The Shining)Jack NicholsonBacon (A Few Good Men)
90%
Liam Hemsworth (The Hunger Games)Jennifer LawrenceBacon (X-Men First Class)
80%
Richard Gere (Pretty Woman)Julia RobertsBacon (Flatliners)
77%
Andrew Garfield (The Amazing Spider-Man)Emma StoneBacon (Crazy, Stupid Love)
70%
Chris Elliott (Groundhog Day)Bill MurrayBacon (Wild Things)
65%
Henry Cavill (Man of Steel)Kevin CostnerBacon (JFK)
50%
Shirley MacLaine (Terms of Endearment)John LithgowBacon (Footloose)
28%
Michael J. Fox (Back to the Future II)Elisabeth ShueBacon (Hollow Man)
26%
Joan Crawford (Queen Bee)Betsy PalmerBacon (Friday the 13th)
9%

Score Distribution

Percentile by Number Answered

Percent of People with Each Score

Your Score History

You have not taken this quiz since the last reset